000 01914nam2a22002291 4500
001 rc\1128834
005 20250622192409.0
035 _a(NLR Aleph) 006379444
090 _a5068780
_c5068780
100 _a20041126d1981 |||y0rusy50 ca
101 0 _arus
102 _aRU
105 _ay |||||||||
200 1 _aОборудование древесностружечных плит. Разд. 8. Оборудование древесноволокнистых плит. Разд. 9. Оборудование для ламинирования. Разд. 15. Лабораторный контроль и анализ
_eДоп. к разд. 1, 2, 3, 5, 6
_eУтв. М-вом лесн., целлюлоз.-бум. и деревообраб. пром-сти СССР 13.02.81
_eВводится в действие с 01.04.81
210 _d1981
_aБ. м.
215 _a150 с.
461 0 _1001rc\1128833
_12001#$aВременный сборник цен и нормативных документов по производству наладочных работ, выполняемых на предприятиях Минлесбумпрома СССР$eСЦНД-01$eТ. 1. Технологическое оборудование деревообрабатывающих производств. Дополнение...$v№ 4. Разд. 7
_95068773
_cМ.
_d1981
_nБ. и.
_oСЦНД-01 : Т. 1. Технологическое оборудование деревообрабатывающих производств. Дополнение...
_tВременный сборник цен и нормативных документов по производству наладочных работ, выполняемых на предприятиях Минлесбумпрома СССР
_v№ 4. Разд. 7
801 0 _aRU
_bNLR
_gpsbo
801 1 _aRU
_bELAR
_2rusmarc
852 _aNLR
_bПт
_j50/194
942 _cBOOK
980 _aNB